Online
Catalog

Aventuras de una peseta / (Record no. 19070)

MARC details
000 -CABECERA
campo de control de longitud fija 00767nam a2200229 a 4500
001 - NÚMERO DE CONTROL
campo de control 000019554
003 - IDENTIFICADOR DEL NÚMERO DE CONTROL
campo de control UkOxU
005 - FECHA Y HORA DE LA ÚLTIMA TRANSACCIÓN
campo de control 20240226143822.0
008 - DATOS DE LONGITUD FIJA--INFORMACIÓN GENERAL
campo de control de longitud fija 930906s1955 ag 000 1 spa d
035 ## - NÚMERO DE CONTROL DEL SISTEMA
Número de control de sistema OCLC 22717016 from aho343
040 ## - FUENTE DE LA CATALOGACIÓN
Centro catalogador/agencia de origen DO-SdBNP
Centro/agencia transcriptor EYU
Centro/agencia modificador EQO
090 ## - LOCALMENTE ASIGNADO TIPO-LC NÚMERO DE CLASIFICACIÓN (OCLC); NÚMERO DE CLASIFICACIÓN LOCAL (RLIN)
Número de clasificación (OCLC) (R) ; Numero de clasificación, CALL (RLIN) (NR) PQ6605.A6
Número cutter local (OCLC) ; Número de libro/Signatura topográfica íntegra, CALL (RLIN) A721 1955
082 ## - NÚMERO DE LA CLASIFICACIÓN DECIMAL DEWEY
Número de clasificación D0501219963
100 1# - ENTRADA PRINCIPAL--NOMBRE DE PERSONA
Nombre de persona Camba, Julio,
Fechas asociadas al nombre 1882-1962
9 (RLIN) 3094
245 10 - MENCIÓN DE TÍTULO
Título Aventuras de una peseta /
Mención de responsabilidad, etc. Julio Camba.
250 ## - MENCIÓN DE EDICIÓN
Mención de edición 5. ed
260 ## - PUBLICACIÓN, DISTRIBUCIÓN, ETC.
Lugar de publicación, distribución, etc. Buenos Aires :
Nombre del editor, distribuidor, etc. Espasa-Calpe Argentina,
Fecha de publicación, distribución, etc. 1955.
300 ## - DESCRIPCIÓN FÍSICA
Extensión 146 p. ;
Dimensiones 18 cm.
440 #0 - MENCIÓN DE SERIE/PUNTO DE ACCESO ADICIONAL--TÍTULO
Título Colección Austral ;
Designación de volumen o secuencia no. 295
9 (RLIN) 39561
852 ## - LOCALIZACIÓN
-- 16586626
-- Please check shelf
910 ## - DATOS DE OPCIÓN DEL USUARIO (OCLC)
Datos de opción del usuario Catalogación derivada /Oxford
Holdings
Estado de retiro Estado de pérdida Restricciones de uso No para préstamo Código de colección Localización permanente Ubicación/localización actual Ubicación en estantería Fecha de adquisición Número de inventario Total de préstamos Signatura topográfica completa Código de barras Fecha visto por última vez Precio válido a partir de Tipo de ítem Koha
      Excluido de préstamo Monografías: Libros y Folletos General General En catalogación 30.06.2010 LF1   D0501219963 19554-10 25.06.2020 25.06.2020 No se presta

Powered by Koha